[Event "Saratov region-ch w"]
[Site "Saratov"]
[Date "2016.12.02"]
[Round "2.4"]
[White "Ekimovskikh, Darya"]
[Black "Nesterova, Elizaveta"]
[Result "1-0"]
[WhiteElo "1491"]
[BlackElo "1083"]
[PlyCount "49"]
[EventDate "2016.12.01"]
[EventType "swiss"]
[EventRounds "7"]
[EventCountry "RUS"]
[SourceTitle "EXT 2022"]
[Source "ChessBase"]
[SourceDate "2021.10.06"]
[SourceVersion "1"]
[SourceVersionDate "2021.10.06"]
[SourceQuality "1"]

1. e4 d6 2. d4 g6 3. Bd3 Bg7 4. Ne2 Nf6 5. 0-0 0-0 6. f4 c6 7. c3 Qc7 8. h3 h6 9. Be3 Nbd7 10. Qd2 e5 11. fxe5 dxe5 12. Bxh6 Ne8 13. Bxg7 Kxg7 14. Na3 Nd6 15. Nc4 Nb5 16. a4 Nd6 17. Nxe5 f6 18. Ng4 f5 19. Qh6+ Kf7 20. exf5 gxf5 21. Bxf5 Ke8 22. Bxd7+ Kxd7 23. Rxf8 Ne4 24. Rf7+ Ke8 25. Qf8# 1-0

[Event "Saratov region-ch w"]
[Site "Saratov"]
[Date "2016.12.01"]
[Round "1.2"]
[White "Nesterova, Elizaveta"]
[Black "Fedorova, Tatiana"]
[Result "0-1"]
[WhiteElo "1083"]
[BlackElo "1904"]
[PlyCount "52"]
[EventDate "2016.12.01"]
[EventType "swiss"]
[EventRounds "7"]
[EventCountry "RUS"]
[SourceTitle "EXT 2022"]
[Source "ChessBase"]
[SourceDate "2021.10.06"]
[SourceVersion "1"]
[SourceVersionDate "2021.10.06"]
[SourceQuality "1"]

1. e4 c5 2. Nf3 Nc6 3. Bc4 e6 4. 0-0 d5 5. exd5 exd5 6. Re1+ Be7 7. Bb3 a6 8. Nc3 c4 9. d4 cxb3 10. axb3 Nf6 11. Bf4 0-0 12. Qe2 Bg4 13. h3 Bxf3 14. Qxf3 Nxd4 15. Rac1 Nxf3+ 16. gxf3 Bb4 17. Re3 d4 18. Rd3 Nh5 19. Be5 Qg5+ 20. Kh1 Qxc1+ 21. Kg2 Qg5+ 22. Kh1 Qxe5 23. Na4 Bd6 24. Kg1 Qh2+ 25. Kf1 Rfe8 26. Nb6 Qh1# 0-1